Изучение взаимосвязи деформационной и сейсмической активности в блочных ледовых массивах. возможности прогноза «ледовых ударов». модельные исследования на ледовом покрове озера Байкал; Сибирский журнал чистой и прикладной математики; Т. 13, № 3
| Parent link: | Сибирский журнал чистой и прикладной математики.— , 2000- Т. 13, № 3.— 2013.— [С. 3-10] |
|---|---|
| Erakunde egilea: | |
| Beste egile batzuk: | , , , , , |
| Gaia: | Заглавие с экрана В работе описаны основные закономерности сейсмических проявлений деформационных процессов в блочных ледовых покровах крупных водоемов на примере ледового покрова озера Байкал. Показана возможность краткосрочного и среднесрочного прогнозирования крупномасштабных динамических явлений, связанных с надвигом ледовых плит. Режим доступа: по договору с организацией-держателем ресурса |
| Hizkuntza: | errusiera |
| Argitaratua: |
2013
|
| Gaiak: | |
| Sarrera elektronikoa: | http://elibrary.ru/item.asp?id=20339848 |
| Formatua: | MixedMaterials Baliabide elektronikoa Liburu kapitulua |
| KOHA link: | https://koha.lib.tpu.ru/cgi-bin/koha/opac-detail.pl?biblionumber=654302 |
MARC
| LEADER | 00000naa0a2200000 4500 | ||
|---|---|---|---|
| 001 | 654302 | ||
| 005 | 20250311162509.0 | ||
| 035 | |a (RuTPU)RU\TPU\network\19896 | ||
| 035 | |a RU\TPU\network\19835 | ||
| 090 | |a 654302 | ||
| 100 | |a 20170424d2013 k||y0rusy50 ca | ||
| 101 | 0 | |a rus | |
| 102 | |a RU | ||
| 135 | |a drcn ---uucaa | ||
| 181 | 0 | |a i | |
| 182 | 0 | |a b | |
| 200 | 1 | |a Изучение взаимосвязи деформационной и сейсмической активности в блочных ледовых массивах. возможности прогноза «ледовых ударов». модельные исследования на ледовом покрове озера Байкал |f С. В. Атафуров [и др.] | |
| 203 | |a Текст |c электронный | ||
| 300 | |a Заглавие с экрана | ||
| 320 | |a [Библиогр.: с. 9 (8 назв.)] | ||
| 330 | |a В работе описаны основные закономерности сейсмических проявлений деформационных процессов в блочных ледовых покровах крупных водоемов на примере ледового покрова озера Байкал. Показана возможность краткосрочного и среднесрочного прогнозирования крупномасштабных динамических явлений, связанных с надвигом ледовых плит. | ||
| 333 | |a Режим доступа: по договору с организацией-держателем ресурса | ||
| 461 | |t Сибирский журнал чистой и прикладной математики |d 2000- | ||
| 463 | |t Т. 13, № 3 |v [С. 3-10] |d 2013 | ||
| 610 | 1 | |a электронный ресурс | |
| 610 | 1 | |a труды учёных ТПУ | |
| 610 | 1 | |a ледовый покров | |
| 610 | 1 | |a блочная структура | |
| 610 | 1 | |a конвергенция ледовых плит | |
| 610 | 1 | |a сейсмические проявления | |
| 701 | 1 | |a Атафуров |b С. В. | |
| 701 | 1 | |a Ганин |b Н. Г |g Наталья Викторовна | |
| 701 | 1 | |a Димаки |b А. В. |c физик |c инженер Томского политехнического университета, кандидат технических наук |f 1982- |g Андрей Викторович |3 (RuTPU)RU\TPU\pers\35770 | |
| 701 | 1 | |a Псахье |b С. Г. |c физик |c заведующий лабораторией, советник ректора, заведующий кафедрой Томского политехнического университета, доктор физико-математических наук |f 1952- |g Сергей Григорьевич |3 (RuTPU)RU\TPU\pers\25589 | |
| 701 | 1 | |a Ржич |b В. В. | |
| 701 | 1 | |a Шилько |b Е. В. |c физик |c инженер Томского политехнического университета, доктор физико-математических наук |f 1973- |g Евгений Викторович |3 (RuTPU)RU\TPU\pers\35910 | |
| 712 | 0 | 2 | |a Национальный исследовательский Томский политехнический университет (ТПУ) |b Институт физики высоких технологий (ИФВТ) |b Кафедра биотехнологии и органической химии (БИОХ) |3 (RuTPU)RU\TPU\col\18693 |
| 801 | 2 | |a RU |b 63413507 |c 20170424 |g RCR | |
| 856 | 4 | |u http://elibrary.ru/item.asp?id=20339848 | |
| 942 | |c CF | ||